000 00630nam a2200205 i 4500
001 120447
003 ES-MaACL
005 20230906191544.0
007 t|
008 070214s1939 sp r ||||1| spa d
100 1 _aPoincaré, Henri.
_992751
245 1 3 _aLa valeur de la science /
_cHenri Poincaré.
260 _aParis :
_bLagny-Grevin et fils,
_c1939.
300 _a278 p. ;
_c18 cm.
490 1 _aBibliothèque de philosophie scientifique
650 _aCiencia-
_xFilosofía.
_910950
830 0 _aBibliothèque de philosophie scientifique
_9181135
852 _aES-MaACL
_jF-15418
_bR.18361
999 _c120447
_d120447